|
|
|
|
| LEADER |
00000naa2a2200000 4500 |
| 001 |
111120 |
| 005 |
20231031120709.0 |
| 035 |
|
|
|a (RuTPU)RU\TPU\book\120006
|
| 090 |
|
|
|a 111120
|
| 100 |
|
|
|a 20070312d2003 k y0rusy50 ca
|
| 101 |
0 |
|
|a rus
|
| 102 |
|
|
|a RU
|
| 200 |
1 |
|
|a Ремонт оборудования тепловых электростанций с применением сварки модулированным током электродами с покрытием
|f В. Л. Князьков, С. А. Князьков
|
| 463 |
|
0 |
|0 (RuTPU)RU\TPU\book\63552
|y 5-98298-035-8
|t Прогрессивные технологии и экономика в машиностроении
|o Труды Всероссийской научно-практической конференции, Юрга, 24-25 апреля 2003 г.
|f Томский политехнический университет; Филиал ТПУ в Юрге; Отв. ред. Б. Г. Долгун
|v С. 39-40
|d 2003
|p 374 с.
|
| 610 |
1 |
|
|a тепловые электростанции
|
| 610 |
1 |
|
|a оборудование
|
| 610 |
1 |
|
|a сварка
|
| 610 |
1 |
|
|a модулированный ток
|
| 610 |
1 |
|
|a электроды
|
| 610 |
1 |
|
|a покрытия
|
| 610 |
1 |
|
|a повреждения
|
| 610 |
1 |
|
|a сварные соединения
|
| 610 |
1 |
|
|a ремонт
|
| 610 |
1 |
|
|a котлоагрегаты
|
| 610 |
1 |
|
|a труды учёных ТПУ
|
| 700 |
|
1 |
|a Князьков
|b В. Л.
|
| 701 |
|
1 |
|a Князьков
|b С. А.
|
| 801 |
|
1 |
|a RU
|b 63413507
|c 20070312
|g PSBO
|
| 942 |
|
|
|c BK
|